Introducción al estudio del Derecho /

Guardado en:
Detalles Bibliográficos
Autor principal: Villoro Toranzo, Miguel (autor)
Formato: Libro
Idioma:Español
Publicado: México : Porrúa, 1966
Temas:
Etiquetas: Agrega una etiqueta
Sin etiquetas, Sé el primero en etiquetar este registro!

MARC

LEADER 00000nam^a2200000^a^4500
001 000043215
005 20250521000000.0
009 20260310085806.031
037 |a Acervo ITESO - Biblioteca 
041 |a ESP 
082 |a 340.  |b VIL 
100 |a Villoro Toranzo, Miguel  |e (autor) 
245 1 0 |a Introducción al estudio del Derecho /  |c M. Villoro Toranzo. 
264 1 |a México :  |b Porrúa,  |c 1966 
300 |a 486 p. 
336 |a texto  |b txt  |2 rdacontenido 
337 |a sin mediación  |b n  |2 rdamedio 
338 |a volumen  |b nc  |2 rdasoporte 
649 |a XX 
650 |a Derecho -  |x Objeto de Estudio 
650 |a Derecho -  |x Metodología 
910 |a Fondo General 
920 |a Impresos - Libros 
930 |a Colección General 
905 |a 101 
901 |a 0432150100  |b IT1  |c ACC  |i 043215  |u 20250521 
902 |a https://opac.biblio.iteso.mx/vufind/Record/000043215